00837nam a2200205 i 4500001000700000003000900007005001700016007000300033008004100036080001000077100005700087245018000144260004300324300003800367650002800405710003700433852002100470999001900491952012100510146463ES-MaACL20250930063126.0t|070910s1925 sp ||||1| spa d a528.71 aTorroja y Miret, José María, d1884-1954915175513aLa estereofotogrametría en 1924 b: conferencias pronunciadas los días 3, 5 y 10 de abril de 1924, en la Real Sociedad Geográfica / cpor José María Torroja y Miret. aMadrid : b[s.n.], c1925 (fVoluntad) a83 p., 56 h. de lám. ; c24 cm.14aFotogrametría.9129692 aReal Sociedad Geográfica96403 aES-MaACLjG-6288 c146463d146463 00104070aATENEOMbATENEOMcDEPO2d2008-01-17eSCl0oG-6288p1152868r2023-02-23 00:00:00w2023-02-23yMONOGRAFIA